Introduction to leadership concepts and practice

Saved in:
Bibliographic Details
Main Author: NORTHOUSE, Peter G
Format: Book
Language:English
Published: SAGE 2018
Tags: Add Tag
No Tags, Be the first to tag this record!

MARC

LEADER 00000nam a22000007a 4500
008 201218b ||||| |||| 00| 0 eng d
020 |a 978-1-5063-8760-4 
100 |a NORTHOUSE, Peter G 
245 |a Introduction to leadership  |b concepts and practice  |c Peter G. Northouse   |g xxvii, 335p., ill 
250 |b 4TH 
260 |b SAGE  |c 2018  |h Los Angeles  |i 691942  |i 691943  |l HM1261 .N82  |m Leadership 
500 |a “It includes references and index”. 
942 |a lcc  |c BK  |e O.A.JOHNSON  |f 18/12/20 
952 |0 0  |1 0  |2 lcc  |4 0  |6 HM1261 N82  |7 0  |9 755  |a HOL  |b MPL  |c GJ  |d 2020-12-18  |l 0  |o HM1261 .N82   |p 2020-229971  |r 2020-12-18 00:00:00  |w 2020-12-18  |y BK 
952 |0 0  |1 0  |2 lcc  |4 0  |6 HM1261 N82  |7 0  |9 756  |a HOL  |b HOL  |c GJ  |d 2020-12-18  |l 0  |o HM1261 .N82   |p 2020-229972  |r 2020-12-18 00:00:00  |w 2020-12-18  |y BK 
999 |c 425  |d 425